Normal view
MARC view
Entry Personal Name
001 - CONTROL NUMBER
- control field: 6623
003 - CONTROL NUMBER IDENTIFIER
- control field: OSt
005 - DATE AND TIME OF LATEST TRANSACTION
- control field: 20190627071614.0
008 - FIXED-LENGTH DATA ELEMENTS
- fixed length control field: 190627|| aca||aabn | a|a d
040 ## - CATALOGING SOURCE
- Original cataloging agency: OSt
- Transcribing agency: OSt
100 ## - HEADING--PERSONAL NAME
- Personal name: Shah, Kamini
670 ## - SOURCE DATA FOUND
- Source citation: Work cat.: (OSt)506940: Shah, Kamini, A study on women empowerment through financial literacy, 2018
